000
00432nam a2200145Ia 4500
008
100204s9999 xx 000 0 und d
082
_b
13544
100
_a
श्रोत्री निशिकांत
245
_a
वाटचाल
260
_b
"उदयदीप प्रकाशन , मुंबई"
_c
1985
300
_a
168
630
_a
वाटचाल
730
_a
वाटचाल
942
_c
BOOK
999
_c
457976
_d
457973